000 nam a22 7a 4500
999 _c27937
_d27937
008 170213b xxu||||| |||| 00| 0 eng d
020 _a9781121525009
050 _aHD 28 .N57 2014
100 _aNiranjan, Suman
245 _aBusiness Statistics:
_bBUSA 2182/
_cSuman Niranjan
260 _aU.S.A:
_bMc Graw-Hill,
_c2014.
300 _av,600p.:
_bill.;
_c28cm.
521 _aIncludes index.
942 _2lcc
_cBOOKS
_hHD 28 .N57 2014